banner-ar

سياسة الدولة العثمانية تجاه الامبراطورية الرومانية المقدسة 1520 - 1566 : (Record no. 65395)

MARC details
000 -الفاتح
حقل البيانات ثابتة الطول 01061nam a22002417a 4500
005 - وقت وتاريخ اخر تعامل مع التسجيلة
رقم الضبط 20240530110822.0
008 - عناصر البيانات ثابتة الطول - معلومات عامة
حقل البيانات ثابتة الطول 190711s2017 ua a g 000 0 ara d
017 ## - رقم الايداع القانونى
المصدر ( الهيئة المختصة) مصر. دار الكتب
020 ## - الرقم الدولى المعيارى للكتب
الرقم الدولى المعيارى للكتاب 9789933572037
040 ## - مصدر الفهرسة
وكالة الفهرسة الأصلية EG-CaGPL
وكالة النسخ EG-CaGPL
082 04 - رقم تصنيف ديوى العشرى
رقم الطبعة 21
رقم التصنيف 949.61015 /
رقم المادة ص س
100 0# - المدخل الرئيسى - إسم شخصى
الإسم الشخصى صدام خليفة عبيد
245 10 - بيان العنوان
العنوان سياسة الدولة العثمانية تجاه الامبراطورية الرومانية المقدسة 1520 - 1566 :
بقية العنوان الصراع العثمانى النمساوى على المجر نموذجا /
بيان المسئوليه,etc صدام خليفة عبيد
250 ## - بيان الطبعة
بيان الطبعة ط.1
260 ## - PUBLICATION, DISTRIBUTION, ETC. (IMPRINT)
تاريخ النشر أو التوزيع 2017 .
300 ## - الوصف المادى
التعداد 436 ص. ؛
أبعاد الوعاء 24 سم.
650 07 - المدخل الاضافى بالموضوع-مصطلح موضوعى
مصطلح موضوعي الحضارة العربية
مصدر الرأس أو المصطلح qrmak
650 07 - المدخل الاضافى بالموضوع-مصطلح موضوعى
مصطلح موضوعي الحضارة الاسلامية
مصدر الرأس أو المصطلح qrmak
650 07 - المدخل الاضافى بالموضوع-مصطلح موضوعى
مصطلح موضوعي الامبراطورية الرومانية
مصدر الرأس أو المصطلح qrmak
651 07 - المدخل الاضافى بالموضوع - اسم جغرافى
مصدر الرأس أو المصطلح qrmak
الاسم الجغرافي الامبراطورية العثمانية
942 ## - عناصر المدخل الإضافي( كوها)
مصدر التصنيف او مخطط الترفيف Dewey Decimal Classification
Koha [default] item type كتاب
260 ## - PUBLICATION, DISTRIBUTION, ETC. (IMPRINT)
-- دمشق :
-- صفحات للدراسات والنشر والتوزيع،
Holdings
حالة التراجع حالة الفقد حالة تلف ليس للاعارة المكان المؤقت الموقع الحالى موقع الترفيف تاريخ الاكتساب اجمالي اﻻعارات رقم الطلب الباركود تاريخ اخر مشاهدة تاريخ تفعيل السعر نوع وعاء كوها
        مكتبة القاهرة الكبرى مكتبة القاهرة الكبرى القاعة الرئيسية 07/20/2019   949.61015 / ص س 166202 07/20/2019 07/20/2019 كتاب

Powered By

EGPV